Quizzes
Events
Quiz Creation
Community
Videos
Private Events
Remove Ads
Sign In
Join for FREE
Feedback
Dark Mode
Quiz Categories
Sports
Geography
Music
Movies
Television
Just For Fun
Miscellaneous
History
Literature
Language
Science
Gaming
Entertainment
Religion
Holiday
For Kids
Quiz Lab
Recent
Popular Today
Quiz Kudos Today
Editor Picks
Curator Picks
Quizzes by...
Day
Popularity
Type
Ratings
Length
Year
Community
Subscriptions
Recent Discussions
Orange Saloon
Badges
Playlists
Quests
Create
Leaderboards
Showdown
Live 5
Trivia Bingo
Activity
Puzzle Library
Sporcle Events
Private Events
Virtual Trivia
Globe League
Become a Host
Pub Owners
SporcleCon
Opinionation
Our Games
Videos
Blog
Mobile Apps
Partnerships
Remove Ads and Go Orange
Feedback
Sports
Athletes
MLB
NBA
NHL
NFL
Soccer
Sports Teams
WWE
NCAA
Football
Premier League
Basketball
Baseball
Hockey
Golf
Tennis
Cricket
Rugby
Auto Racing
Olympics
World Cup
Sports
Athletes
MLB
NBA
NHL
NFL
Soccer
Sports Teams
WWE
NCAA
Football
Premier League
Basketball
Baseball
Hockey
Golf
Tennis
Cricket
Rugby
Auto Racing
Olympics
World Cup
Random Quiz
Search Sporcle
×
Quiz Lab
Quiz Lab
Sports
club
Type in answers that appear in a list
Type in answers that appear in a list
Classic
Best Score? Go Orange.
Serie A 2010-2011 Season Stats
Can you name the Serie A 2010-2011 Season Clubs?
By
ADR1
7m
20 Questions
152 Plays
152 Plays
152 Plays
Comments
Comments
Give Quiz Kudos
Give Quiz Kudos
-
- Ratings
hide this ad
Replay
Link that replays current quiz
Next Quiz
Link to next quiz in quiz playlist
You Got
0%
They Got
Avg Score
80%
Avg Friend Score
Upgrade to see
Score Distribution
Jump to the score distribution portion of the page
Score
0/20
Timer
07:00
0
Plays Today
2009-2010 Finish
Club
% Correct
Serie A Champions
Internazionale
100%
3rd in Serie A
A.C Milan
99.3%
7th in Serie A
Juventus
98%
2nd in Serie A
Roma
96.7%
12th in Serie A
Lazio
93.4%
4th in Serie A
Sampdoria
86.2%
11th in Serie A
Fiorentina
85.5%
6th in Serie A
Napoli
85.5%
9th in Serie A
Genoa
84.9%
5th in Serie A
Palermo
83.6%
2009-2010 Finish
Club
% Correct
15th in Serie A
Udinese
82.9%
10th in Serie A
Bari
76.3%
17th in Serie A
Bologna
76.3%
8th in Serie A
Parma
73.7%
14th in Serie A
Chievo
71.7%
13th in Serie A
Catania
68.4%
16th in Serie A
Cagliari
67.8%
Serie B Champions
Lecce
67.8%
Serie B Playoff Winners
Brescia
59.9%
Serie B Runners-
up
Cesena
57.9%
Quiz Playlist
Details
Report
Send in Message
Add To Playlist
Classic:
Type in answers that appear in a list
Last Updated: Feb 16, 2017
Quiz Scoreboard
CHALLENGE
Sign Up to Join the Scoreboard
Show All
Scores
Hide
Comments
May contain spoilers
Recently Published
TV Characters by Other Roles V
by ghcgh
Television
5m
Decade Duel: World Leaders
by jenniferyan
History
4m
Alphabetical 'K' Countries by Flag Minefield
by ylime102
Geography
3m
More to Explore
Quiz From the Vault
Featured Blog Post
15 Basketball Trivia Facts You Can Be March Mad About
hide this ad
You Might Also Like...
Tags
2009-2010
club
finish
season
Serie
Today's Top Quizzes in Sports
Browse Sports
hide this ad
Today's Top Quizzes in club
Browse club
Top Contributed Quizzes in Sports
1
Les joueurs à 100 buts en Ligue 1 Uber Eats
2
2022 World Cup Stars
3
Pick 6: NFL Teams
4
MLB 2 truths and a lie: Hall of Fame pitchers
5
Pick 6: Minor League Baseball
6
Millionaire: NBA Finals Edition
7
Pick 6: Olympics
8
Click the 1998 NBA Draft
9
Criteria MLB: Left Handed Sluggers
10
NBA Logic Puzzle 2.0
Explore More
Trending Topics
Crossword
Harry Potter
NBA
Disney
Anime
Kpop
Marvel
Soccer
NFL
Puzzle
WWE
Pokémon
Song
Country
The Office
hide this ad
More By:
ADR1
Quiz
Plays
Rating
Category
Featured
Created
Greek Mythology Family Tree
18,267
4.08
Religion
Feb 20, 2010
Country Quiz: Serbia
932
2.80
Geography
Apr 30, 2010
Majority Protestant Countries
684
2.64
Religion
Mar 28, 2010
2010 World Cup Teams By Jersey
376
3.11
Sports
May 12, 2010
Famous Unsigned MLB Draft Picks
228
3.67
Sports
Jul 25, 2010
Go to Creator's Profile
Score Distribution
Quiz Creator Spotlight
ADR1
Follow
Send a Message
Quizzes Created
-
Created Quiz Play Count
-
More By This Creator
Popular Quizzes Today
1
Countries of Asia Without Outlines Minefield
2
Find the US States - No Outlines Minefield
3
Pick 6: Fruits
4
The Countries of the World
5
Alphabetical 'K' Countries by Flag Minefield
6
Find the Countries of Europe - No Outlines Minefield
7
US States
8
Find the US States
More Sports Quizzes
Cycling: Tour de France Podium after WW2
Quiz Lab
Trending Quizzes
Pick 6: Mountains
Pick 6: Harry Potter
Pick 6: Flags
Pick 6: NFL Teams
Pick 6: Movie Franchises
Recently Updated
Adaptations: Name the Title
pecheneg
NWSL Teams
pecheneg
Women's Final Four Teams by Year
bhenderson79
Presidents Quartet II
eogle
Anything But Clue(do)
eogle
Anything But Oceanian Capitals
eogle
Anything But 7
eogle
Anything But Thing
eogle
Word Ladder: February 29
pecheneg
Song Title Questions
pecheneg
Trending Topics
Harry Potter
Crossword
NBA
Marvel
Kpop
Anime
Disney
The Office
Puzzle
Pokémon
WWE
NFL
Soccer
Song
Country
Your Account Isn't Verified!
In order to create a playlist on Sporcle, you need to verify the email address you used during registration. Go to your
Sporcle Settings
to finish the process.
Report this User
Report this user for behavior that violates our
Community Guidelines
.
Details:
Send Report
Go to the Sporcle.com Mobile Site →
Comments